<?xml version="1.0" encoding="UTF-8"?>
<record
    xmlns:xsi="http://www.w3.org/2001/XMLSchema-instance"
    xsi:schemaLocation="http://www.loc.gov/MARC21/slim http://www.loc.gov/standards/marcxml/schema/MARC21slim.xsd"
    xmlns="http://www.loc.gov/MARC21/slim">

  <leader>01049nam a22001817a 4500</leader>
  <datafield tag="999" ind1=" " ind2=" ">
    <subfield code="c">62433</subfield>
    <subfield code="d">62433</subfield>
  </datafield>
  <controlfield tag="003">Ge_BSU</controlfield>
  <controlfield tag="005">20241031154953.0</controlfield>
  <controlfield tag="008">241031s2023    ge ||||| |||| 00| 0 geo d</controlfield>
  <datafield tag="020" ind1=" " ind2=" ">
    <subfield code="a">9789941357039</subfield>
  </datafield>
  <datafield tag="041" ind1=" " ind2=" ">
    <subfield code="a">geo</subfield>
  </datafield>
  <datafield tag="080" ind1=" " ind2=" ">
    <subfield code="a">821.353.1 : 821.353.1-32 &#x10DD;-93</subfield>
  </datafield>
  <datafield tag="245" ind1=" " ind2=" ">
    <subfield code="a">XXI &#x10E1;&#x10D0;&#x10E3;&#x10D9;&#x10E3;&#x10DC;&#x10D8;&#x10E1; &#x10E5;&#x10D0;&#x10E0;&#x10D7;&#x10E3;&#x10DA;&#x10D8; &#x10DB;&#x10DD;&#x10D7;&#x10EE;&#x10E0;&#x10DD;&#x10D1;&#x10D0; :</subfield>
    <subfield code="b">"&#x10DA;&#x10D8;&#x10E2;&#x10D4;&#x10E0;&#x10D0;&#x10E2;&#x10E3;&#x10E0;&#x10E3;&#x10DA;&#x10D8; &#x10DE;&#x10D0;&#x10DA;&#x10D8;&#x10E2;&#x10E0;&#x10D8;&#x10E1;" &#x10D0;&#x10D5;&#x10E2;&#x10DD;&#x10E0;&#x10D4;&#x10D1;&#x10D8; : [3 &#x10E2;&#x10DD;&#x10DB;&#x10D0;&#x10D3;]. &#x10E2;&#x10DD;&#x10DB;&#x10D8; 3 /</subfield>
    <subfield code="c">&#x10E8;&#x10D4;&#x10DB;&#x10D3;&#x10D2;&#x10D4;&#x10DC;&#x10D4;&#x10DA;&#x10D8; &#x10D3;&#x10D0; &#x10E0;&#x10D4;&#x10D3;&#x10D0;&#x10E5;&#x10E2;&#x10DD;&#x10E0;&#x10D8; &#x10D1;&#x10D4;&#x10E1;&#x10DD; &#x10EE;&#x10D5;&#x10D4;&#x10D3;&#x10D4;&#x10DA;&#x10D8;&#x10EB;&#x10D4;; &#x10D3;&#x10D8;&#x10D6;&#x10D0;&#x10D8;&#x10DC;&#x10D4;&#x10E0;&#x10D8; &#x10D7;&#x10D0;&#x10DB;&#x10D0;&#x10E0; &#x10EF;&#x10D0;&#x10DC;&#x10D7;&#x10D8;&#x10E8;&#x10D5;&#x10D8;&#x10DA;&#x10D8;.</subfield>
  </datafield>
  <datafield tag="264" ind1=" " ind2=" ">
    <subfield code="a">&#x10D7;&#x10D1;&#x10D8;&#x10DA;&#x10D8;&#x10E1;&#x10D8; : </subfield>
    <subfield code="b">&#x10DE;&#x10D0;&#x10DA;&#x10D8;&#x10E2;&#x10E0;&#x10D0; L, </subfield>
    <subfield code="c">2023.</subfield>
  </datafield>
  <datafield tag="300" ind1=" " ind2=" ">
    <subfield code="a">420 &#x10D2;&#x10D5;. ;</subfield>
    <subfield code="b">25 &#x10E1;&#x10DB;.</subfield>
  </datafield>
  <datafield tag="700" ind1=" " ind2=" ">
    <subfield code="a">&#x10EE;&#x10D5;&#x10D4;&#x10D3;&#x10D4;&#x10DA;&#x10D8;&#x10EB;&#x10D4;, &#x10D1;&#x10D4;&#x10E1;&#x10DD;</subfield>
    <subfield code="e">&#x10E8;&#x10D4;&#x10DB;&#x10D3;&#x10D2;&#x10D4;&#x10DC;&#x10D4;&#x10DA;&#x10D8; &#x10D3;&#x10D0; &#x10E0;&#x10D4;&#x10D3;&#x10D0;&#x10E5;&#x10E2;&#x10DD;&#x10E0;&#x10D8;</subfield>
    <subfield code="9">23573</subfield>
  </datafield>
  <datafield tag="700" ind1=" " ind2=" ">
    <subfield code="a">&#x10EF;&#x10D0;&#x10DC;&#x10D7;&#x10D8;&#x10E8;&#x10D5;&#x10D8;&#x10DA;&#x10D8;, &#x10D7;&#x10D0;&#x10DB;&#x10D0;&#x10E0;</subfield>
    <subfield code="e">&#x10D3;&#x10D8;&#x10D6;&#x10D0;&#x10D8;&#x10DC;&#x10D4;&#x10E0;&#x10D8;</subfield>
    <subfield code="9">23574</subfield>
  </datafield>
  <datafield tag="942" ind1=" " ind2=" ">
    <subfield code="2">udc</subfield>
    <subfield code="c">&#x1CAC;&#x1C98;&#x1C92;&#x1C9C;&#x1C98;</subfield>
  </datafield>
  <datafield tag="952" ind1=" " ind2=" ">
    <subfield code="0">0</subfield>
    <subfield code="1">0</subfield>
    <subfield code="2">udc</subfield>
    <subfield code="4">0</subfield>
    <subfield code="6">8213531__821353132_&#x10DD;93</subfield>
    <subfield code="7">0</subfield>
    <subfield code="9">100971</subfield>
    <subfield code="a">CPL</subfield>
    <subfield code="b">CPL</subfield>
    <subfield code="c">GEN</subfield>
    <subfield code="d">2024-10-31</subfield>
    <subfield code="g">25.00</subfield>
    <subfield code="o">821.353.1 : 821.353.1-32 &#x10DD;-93</subfield>
    <subfield code="p">69558</subfield>
    <subfield code="r">2024-10-31</subfield>
    <subfield code="t">69558</subfield>
    <subfield code="w">2024-10-31</subfield>
    <subfield code="y">&#x1CAC;&#x1C98;&#x1C92;&#x1C9C;&#x1C98;</subfield>
    <subfield code="z">25 &#x10DA;.</subfield>
  </datafield>
</record>
